Encyclopaedia of strategic cost analysis for project managers and engineers (Record no. 485195)

MARC details
000 -LEADER
fixed length control field 00656nam a2200193Ia 4500
008 - FIXED-LENGTH DATA ELEMENTS--GENERAL INFORMATION
fixed length control field 210417s9999 xx 000 0 und d
020 ## - INTERNATIONAL STANDARD BOOK NUMBER
International Standard Book Number 9781781635773
-- 1781635773
082 ## - DEWEY DECIMAL CLASSIFICATION NUMBER
Classification number 658.1552 CLA.1
Item number 22.658.1552 CLA
245 #0 - TITLE STATEMENT
Title Encyclopaedia of strategic cost analysis for project managers and engineers
Statement of responsibility, etc. Encyclopaedia of strategic cost analysis for project managers and engineers
250 ## - EDITION STATEMENT
Remainder of edition statement "3v. (viii, 249 p. ; viii, 233 p. ; viii,270 p. ) : ill. ; 20 cm., hbk."
260 ## - PUBLICATION, DISTRIBUTION, ETC.
Place of publication, distribution, etc. New Delhi
Name of publisher, distributor, etc. Koros Press
Date of publication, distribution, etc. 2014
700 ## - ADDED ENTRY--PERSONAL NAME
Personal name "Clarke, Steffany"
Numeration edited by Steffany Clarke
Holdings
Withdrawn status Lost status Source of classification or shelving scheme Damaged status Not for loan Home library Current library Shelving location Date acquired Total Checkouts Full call number Barcode Date last seen Price effective from Koha item type
    Dewey Decimal Classification     Anna Centenary Library Anna Centenary Library 6TH FLOOR, A WING 17.04.2021   658.1552 CLA.1 605068 09.02.2026 17.04.2021 Books

Find us on the map